Movies Quiz

Random Movies or Clickable Quiz
Score 0/20 Timer 08:00
0 Plays Today
% Correct
Home Alone
95.7%
The Godfather
94.8%
Jurassic Park
94.6%
Jaws
94.3%
Harry Potter and the Sorcerer's Stone
87.9%
Kick-Ass
85.9%
The Ring
85.4%
The Lord of the Rings: The Two Towers
85%
Anchorman: The Legend of Ron Burgundy
84.5%
Interstellar
84.1%
% Correct
The Usual Suspects
81.1%
Pulp Fiction
79.4%
Se7en
77.2%
Trainspotting
74.3%
Raiders of the Lost Ark
73.9%
Star Wars: Episode III - Revenge of the Sith
67.9%
The Princess Bride
64.6%
The Thing
61.9%
Back to the Future
60.4%
Spirited Away
56.5%
Remove Ads.
Support Sporcle.
Get the best of Sporcle when you Go Orange. This ad-free experience offers more features, more stats, and more fun while also helping to support Sporcle. Thank you for becoming a member.

You're not logged in!

Compare scores with friends on all Sporcle quizzes.
OR
Log In

Show Comments

Extras

Top Quizzes Today


Score Distribution

Your Account Isn't Verified!

In order to create a playlist on Sporcle, you need to verify the email address you used during registration. Go to your Sporcle Settings to finish the process.

Report this User

Report this user for behavior that violates our Community Guidelines.

Details: